000 003960000a22001570004500
001 001601
003 MACL
040 _aMACL
090 _c13594
_d13593
100 _aKamalavijayan, D
245 _aInternational Conference On Information Management In A Knowledge Society
_bVol 1
_cD Kamalavijayan
260 _aIASLIC,
_c2005
350 _a1500
650 _aComputer Science
942 _k4
_cBook
999 _c13521
_d13521